Objective type questions and answers in chemical engineering / (Record no. 565965)

000 -LEADER
fixed length control field 00360nam a2200121Ia 4500
008 - FIXED-LENGTH DATA ELEMENTS--GENERAL INFORMATION
fixed length control field 210430s9999 xx 000 0 und d
082 ## - DEWEY DECIMAL CLASSIFICATION NUMBER
Classification number 660G97775O
100 ## - MAIN ENTRY--PERSONAL NAME
Personal name Om Prakash Gupta
245 ## - TITLE STATEMENT
Title Objective type questions and answers in chemical engineering /
Statement of responsibility, etc. Om Prakash Gupta
260 ## - PUBLICATION, DISTRIBUTION, ETC.
Place of publication, distribution, etc. India
Name of publisher, distributor, etc. Khanna Publishers
Date of publication, distribution, etc. 2008
300 ## - PHYSICAL DESCRIPTION
Extent 599p.
942 ## - ADDED ENTRY ELEMENTS (KOHA)
Koha item type Book
Source of classification or shelving scheme
Holdings
Withdrawn status Lost status Damaged status Not for loan Permanent Location Current Location Shelving location Date acquired Total Checkouts Total Renewals Full call number Barcode Date last seen Date last checked out Price effective from Koha item type Source of classification or shelving scheme Checked out
        School of Chemical & Materials Engineering (SCME) School of Chemical & Materials Engineering (SCME) Book Cart   5 6 660G97775O SCME- D206 02/23/2026 02/09/2026 04/30/2021 Book    
        School of Chemical & Materials Engineering (SCME) School of Chemical & Materials Engineering (SCME)   05/30/2024 2 4 660G97775O SCME-D271 06/02/2025 06/02/2025 05/30/2024 Book   04/02/2026
© 2023 Central Library, National University of Sciences and Technology. All Rights Reserved.